01154naa a2200193 a 450000100080000000500110000800800410001902200240006010000170008424500410010126000090014252006350015165000180078665000120080465000150081665000180083165000120084977300990086111344882024-05-08 2024 bl uuuu u00u1 u #d a2674-9491 (on line)1 aGIEHL, A. L. aCarne bovina.h[electronic resource] c2024 aEste artigo apresenta o desempenho da produ????o e do mercado de bovinos em mundial, nacional e estadual. S??o apresentados dados de produ????o, demanda, exporta????o e importa????o, n??mero de bovinocultores, pre??os ao produtor, custos de produ????o, distribui????o geogr??fica da produ????o e perspectivas de futuro para o setor. Os dados s??o relativos principalmente aos anos de 2022 e 2023, mas na maioria dos casos tamb??m s??o apresentadas informa????es referentes a per??odos anteriores. As principais fontes utilizadas para a elabora????o das tabelas e gr??ficos foram: USDA, IBGE, MDIC/Comex Stat, Cidasc e Epagri/Cepa. abovinocultura aBovinos adesempenho aexporta????es amercado tS??ntese Anual da Agricultura de Santa Catarina - 2022-2023, Florian??polis, p. 106-117, 2024.